000 00580nam a2200229Ia 4500
003 OSt
005 20220918213713.0
006 a|||||r|||| 00| 0
007 ta
008 220917b |||||||| |||| 00| 0 eng d
024 _a133,871
037 _cTextual
040 _aARTS
_cARTS
_beng
041 _2eng
_aeng
082 _aX:87, K3
100 _aBierman Harold
_913251
245 0 _aFinancial and managerial accounting
_b an introduction
260 _c1963
650 _aECONOMICS
942 _hX:87, K3
_cTEXL
_2CC
999 _c256978
_d256978